Predajná plocha rastie
Regionálna, typologická a kvantitatívna štruktúra maloobchodnej siete na Slovensku. Rovnaká úroveň pre potraviny. Rovnaká dynamika ako rast. Napriek hyperkonkurencii zostáva klasika. Vývoj maloobchodnej predajnej plochy.
Gespeichert in:
| 1. Verfasser: | |
|---|---|
| Format: | Buchkapitel |
| Sprache: | Slowakisch |
| Schlagworte: | |
| Tags: |
Keine Tags, Fügen Sie das erste Tag hinzu!
|
MARC
| LEADER | 00000naa a2200000 4500 | ||
|---|---|---|---|
| 001 | r047468 | ||
| 005 | 20231004094136.8 | ||
| 041 | 0 | |a slo | |
| 044 | |a SK | ||
| 245 | 1 | 0 | |a Predajná plocha rastie |c Peter Tomčík |
| 520 | |a Regionálna, typologická a kvantitatívna štruktúra maloobchodnej siete na Slovensku. Rovnaká úroveň pre potraviny. Rovnaká dynamika ako rast. Napriek hyperkonkurencii zostáva klasika. Vývoj maloobchodnej predajnej plochy. | ||
| 610 | 2 | 0 | |a predajne |
| 610 | 2 | 0 | |a siete maloobchodné |
| 610 | 2 | 0 | |a supermarkety |
| 610 | 2 | 0 | |a hypermarkety |
| 610 | 2 | 0 | |a Slovensko |
| 100 | 1 | |a Tomčík, Peter | |